Statistics for Answers Contain a Season

Click here to take the quiz!

General Stats

  • This quiz has been taken 217 times
  • The average score is 15 of 33

Answer Stats

ClueAnswer% Correct
Where The Simpsons is setSpringfield
93%
First hosted by Athens in 1896Summer Olympics
90%
What Satan isFallen Angel
83%
Singer known as "The Boss"Bruce Springsteen
83%
Great Lakes attraction or a
Canadian city
Niagara Falls
79%
World's tallest waterfallsAngel Falls
77%
"Queen of Disco"Donna Summer
69%
Multi-national protests
that started in Tunisia in 2010
Arab Spring
66%
South Africa's
rugby union team nickname
Springboks
66%
David Livingstone was the first
European to visit them
Victoria Falls
65%
San Francisco summer of 1967Summer of Love
65%
Shakespearean play about the
marriage of a couple
A Midsummer
Night's Dream
60%
Finland vs. Soviet UnionWinter War
56%
Saint Petersburg landmarkWinter Palace
51%
Another name for a scallionSpring Onion
51%
Closest major city to UluruAlice Springs
43%
Captain America episodeWinter Soldier
42%
Zucchini, Crookneck, e.g.Summer Squash
41%
Severe global climatic cooling
after a devastating war
Nuclear Winter
40%
South Dakota's biggest citySioux Falls
38%
Another name for midwinterWinter Solstice
35%
Brad Pitt movie set in MontanaLegends of the Fall
32%
Waterfalls located between
Brazil and Argentina
Iguazu Falls
26%
Ballet by Igor StravinskyThe Rite of Spring
26%
Largest of part of the aboveHorseshoe Falls
22%
Rachel Carson novelSilent Spring
21%
Patrick Stump's rock bandFall Out Boy
21%
City located east of Pikes PeakColorado Springs
20%
Famous Lana Del Rey songSummertime
Sadness
20%
Grand Prismatic Spring, e.g.Hot Spring
16%
Laura Ingalls Wilder novelThe Long Winter
13%
What the Chinese New Year is
commonly known as in China
Spring Festival
10%
Hamilton songA Winter's Ball
7%

Score Distribution

Percentile by Number Answered

Percent of People with Each Score

Your Score History

You have not taken this quiz